000 00754nam a2200217Ia 4500
003 GCL
008 140319s9999 xx 000 0 ara d
020 _a8055064977
040 _aGCL /
_cGCL
082 0 4 _a621.366
_bف ت
100 1 _aفاروق محمد العامرى
245 1 0 _aتكنولوجيا الليزر واستخداماته العملية LASER TECHNICS & APPICATIONS /
_cفاروق محمد العامرى
250 _aالاولى
260 _aالقاهرة :
_bالدار المصرية اللبنانية ،
_c1994
300 _a199 ص ؛
_c24 سم
650 0 4 _aالضوء
650 0 4 _aاشعة ليزر
650 0 4 _aاشعة ليزر فى الجراحة
650 0 4 _aاشعة ليزر - تجارب
942 _2ddc
_cBK
999 _c4970
_d4970